header

The fundamental constants (Record no. 210356)

MARC details
000 -LEADER
fixed length control field 01306nam a2200337 a 4500
082 04 - DEWEY DECIMAL CLASSIFICATION NUMBER
Classification number 530.8/1
100 1# - MAIN ENTRY--AUTHOR NAME
Personal name Fritzsch, Harald,
245 14 - TITLE STATEMENT
Title The fundamental constants
250 ## - EDITION STATEMENT
Edition statement English ed.
260 ## - PUBLICATION, DISTRIBUTION, ETC. (IMPRINT)
Place of publication Hackensack, NJ :
Name of publisher World Scientific,
Year of publication c2009.
300 ## - PHYSICAL DESCRIPTION
Number of Pages xviii, 195 p. :
Other physical details ill.
500 ## - GENERAL NOTE
General note Includes index.
650 #0 - SUBJECT ADDED ENTRY--TOPICAL TERM
Topical Term Physical constants.
856 40 - ELECTRONIC LOCATION AND ACCESS
Uniform Resource Identifier http://site.ebrary.com/lib/rucke/Doc?id=10361471

No items available.

© 2026 Rongo University
Contact us: librarian | system librarian | Rongo university